000 00307nam a22001337a 4500
008 181105b xxu||||| |||| 00| 0 eng d
020 _a9780130851512
041 _aeng
080 _28th
_a510
100 _a36
101 _aMAT
245 _aStudents solutions manual. Calculus
_cVarberg
942 _2udc
_cBK
999 _c51878
_d51878